[Event "Vienna Husek op"]
[Site "Vienna"]
[Date "2014.07.10"]
[Round "6"]
[White "Ramesa, Marin"]
[Black "Fernandez, Michael"]
[Result "1/2-1/2"]
[WhiteElo "2191"]
[BlackElo "2029"]
[PlyCount "116"]
[EventDate "2014.07.05"]
[EventType "swiss"]
[EventRounds "9"]
[EventCountry "AUT"]
[SourceTitle "CBM 161 Extra"]
[Source "ChessBase"]
[SourceDate "2014.08.29"]
[SourceVersion "1"]
[SourceVersionDate "2014.08.29"]
[SourceQuality "1"]

1. d4 d5 2. Nf3 Nf6 3. c4 c6 4. Nc3 e6 5. e3 Nbd7 6. Bd3 dxc4 7. Bxc4 b5 8. Bd3 Bd6 9. a4 b4 10. Ne4 Nxe4 11. Bxe4 Bb7 12. Nd2 Nf6 13. Bf3 Ba6 14. Bxc6+ Ke7 15. Bb5 Bxb5 16. axb5 Qb6 17. 0-0 Qxb5 18. e4 e5 19. f4 Qd3 20. Nf3 Qxd1 21. Rxd1 Bc7 22. fxe5 Nd7 23. Bg5+ f6 24. exf6+ gxf6 25. Be3 Rhe8 26. Bf2 Kf7 27. Re1 a5 28. b3 Bf4 29. g3 Bh6 30. Re2 Rec8 31. Be1 Re8 32. Nh4 Bf8 33. Nf5 Nb6 34. Kf2 a4 35. bxa4 Nxa4 36. Rb1 Reb8 37. Rb3 Rc8 38. Ra2 Rc4 39. Bd2 h5 40. Ke3 Rc7 41. h3 Rb7 42. Rc2 Nb6 43. Bc1 Ra1 44. Kd3 Na4 45. Bd2 Rd7 46. Ke2 Rh1 47. Rc1 Rxh3 48. Bxb4 Rb7 49. Rc4 Nb2 50. Rxb2 Rh2+ 51. Kf3 Rxb2 52. Bxf8 R7b3+ 53. Ne3 Kxf8 54. Rc5 Ke7 55. Rc1 Rb1 56. Rxb1 Rxb1 57. Kf4 Rb2 58. Nf5+ Kf7 1/2-1/2

[Event "Vienna Husek op"]
[Site "Vienna"]
[Date "2014.07.09"]
[Round "5"]
[White "Schreiner, Peter"]
[Black "Ramesa, Marin"]
[Result "1-0"]
[WhiteElo "2463"]
[BlackElo "2191"]
[PlyCount "79"]
[EventDate "2014.07.05"]
[EventType "swiss"]
[EventRounds "9"]
[EventCountry "AUT"]
[SourceTitle "CBM 161 Extra"]
[Source "ChessBase"]
[SourceDate "2014.08.29"]
[SourceVersion "1"]
[SourceVersionDate "2014.08.29"]
[SourceQuality "1"]

1. d4 Nf6 2. c4 e6 3. Nf3 b6 4. g3 Ba6 5. b3 Bb4+ 6. Bd2 Be7 7. Nc3 0-0 8. e4 d5 9. cxd5 Bxf1 10. Kxf1 exd5 11. e5 Ne4 12. Kg2 Qd7 13. Qe2 Nxc3 14. Bxc3 a5 15. h4 Nc6 16. Ng5 Bxg5 17. hxg5 Qf5 18. Rh5 Rfe8 19. Rah1 Nd8 20. Rxh7 Qxh7 21. Rxh7 Kxh7 22. Qh5+ Kg8 23. g6 fxg6 24. Qxg6 Re6 25. Qg4 g6 26. Bd2 Kf7 27. Qf3+ Ke8 28. Qxd5 c6 29. Qc4 Ra7 30. f4 Rd7 31. Be3 b5 32. Qc3 Nb7 33. g4 c5 34. dxc5 Rc6 35. a3 Nxc5 36. Bxc5 b4 37. axb4 axb4 38. Qxb4 Rd5 39. Qb8+ Rd8 40. Qb5 1-0

[Event "Barcelona Sant Marti op-A 14th"]
[Site "Barcelona"]
[Date "2012.07.21"]
[Round "9"]
[White "Ramesa, Marin"]
[Black "Rojas Keim, Luis Alberto"]
[Result "0-1"]
[WhiteElo "2214"]
[BlackElo "2426"]
[PlyCount "122"]
[EventDate "2012.07.13"]
[EventType "swiss"]
[EventRounds "9"]
[EventCountry "ESP"]
[SourceTitle "CBM 149 Extra"]
[Source "ChessBase"]
[SourceDate "2012.08.24"]
[SourceVersion "1"]
[SourceVersionDate "2012.08.24"]
[SourceQuality "1"]

1. d4 Nf6 2. Nf3 e6 3. c4 c5 4. d5 d6 5. Nc3 exd5 6. cxd5 g6 7. e4 a6 8. a4 Bg4 9. Be2 Bxf3 10. Bxf3 Bg7 11. Bf4 0-0 12. 0-0 Qe7 13. Re1 Nbd7 14. a5 Rfb8 15. Ra3 b5 16. axb6 Rxb6 17. Qa1 Ne8 18. Bg3 Rab8 19. Rb1 Nc7 20. Be2 Bxc3 21. Rxc3 Nxd5 22. exd5 Qxe2 23. b3 Qe4 24. Rd1 Rxb3 25. Rxb3 Rxb3 26. Bxd6 Rb6 27. Re1 Qd4 28. Bc7 Rb2 29. Bg3 Re2 30. Rb1 Qxa1 31. Rxa1 Rd2 32. Kf1 Rxd5 33. Rxa6 f6 34. Rc6 Kf7 35. Ke2 h5 36. h4 Nf8 37. Rc7+ Ke6 38. f3 Kf5 39. Rc6 Ne6 40. Ra6 c4 41. Ra4 c3 42. Bb8 Nd4+ 43. Kd3 c2 44. Rc4 Nc6+ 45. Ke3 Nxb8 46. g4+ Ke6 47. Rxc2 Nd7 48. Ke4 Nc5+ 49. Kf4 hxg4 50. fxg4 g5+ 51. hxg5 fxg5+ 52. Ke3 Ke5 53. Rf2 Ke6 54. Rf8 Nd7 55. Re8+ Kf7 56. Ra8 Nf6 57. Ra4 Rb5 58. Kd3 Rb3+ 59. Kd4 Nxg4 60. Ke4 Nf2+ 61. Kf5 Rb5# 0-1

[Event "Barcelona Sant Marti op-A 14th"]
[Site "Barcelona"]
[Date "2012.07.20"]
[Round "8"]
[White "Ramesa, Marin"]
[Black "Pulvett Marin, Daniel Eduardo"]
[Result "0-1"]
[WhiteElo "2214"]
[BlackElo "2383"]
[PlyCount "100"]
[EventDate "2012.07.13"]
[EventType "swiss"]
[EventRounds "9"]
[EventCountry "ESP"]
[SourceTitle "CBM 149 Extra"]
[Source "ChessBase"]
[SourceDate "2012.08.24"]
[SourceVersion "1"]
[SourceVersionDate "2012.08.24"]
[SourceQuality "1"]

1. d4 Nf6 2. Nf3 g6 3. c4 Bg7 4. Nc3 0-0 5. e4 d6 6. Be2 e5 7. 0-0 Nc6 8. d5 Ne7 9. Ne1 Nd7 10. Be3 f5 11. f3 f4 12. Bf2 g5 13. Rc1 Ng6 14. c5 Nxc5 15. b4 Na6 16. Nb5 Bd7 17. Nxa7 g4 18. fxg4 f3 19. Bxf3 Qb8 20. Qb3 Rxa7 21. b5 Nc5 22. Bxc5 dxc5 23. d6+ Kh8 24. dxc7 Qe8 25. b6 Be6 26. Qe3 Rxa2 27. Qxc5 Nf4 28. Rd1 Qg6 29. Rd8 Ra8 30. Qd6 Qf6 31. Rxa8 Rxa8 32. Nd3 Nxd3 33. Qxd3 Bf8 34. Kh1 Bc5 35. Qb5 Qe7 36. Rd1 Bd4 37. h3 Qd6 38. Be2 Bd7 39. Qd5 Qxd5 40. exd5 Bxb6 41. Rb1 Bc5 42. d6 e4 43. g5 b5 44. Rd1 e3 45. Kh2 Ra2 46. Bxb5 Rd2 47. Rc1 Bxd6+ 48. Kg1 Bc8 49. Kf1 Rf2+ 50. Ke1 Rf7 0-1

[Event "Barcelona Sant Marti op-A 14th"]
[Site "Barcelona"]
[Date "2012.07.14"]
[Round "2"]
[White "Ramesa, Marin"]
[Black "Quero Ortega, Juan"]
[Result "1-0"]
[WhiteElo "2214"]
[BlackElo "1877"]
[PlyCount "121"]
[EventDate "2012.07.13"]
[EventType "swiss"]
[EventRounds "9"]
[EventCountry "ESP"]
[SourceTitle "CBM 149 Extra"]
[Source "ChessBase"]
[SourceDate "2012.08.24"]
[SourceVersion "1"]
[SourceVersionDate "2012.08.24"]
[SourceQuality "1"]

1. d4 Nf6 2. Nf3 g6 3. c4 Bg7 4. Nc3 d6 5. e4 0-0 6. Be2 Nc6 7. 0-0 Bg4 8. Be3 Bxf3 9. Bxf3 e5 10. d5 Ne7 11. c5 a6 12. b4 Nd7 13. Be2 f5 14. f3 f4 15. Bf2 g5 16. c6 bxc6 17. dxc6 Nf6 18. Nd5 Nfxd5 19. Bc4 Kh8 20. Bxd5 h5 21. h3 Nxd5 22. Qxd5 Qf6 23. a4 g4 24. hxg4 hxg4 25. fxg4 Qg6 26. Ra3 Bh6 27. Rh3 Kg7 28. Be1 Qxg4 29. Bc3 Rf6 30. Qd1 Qxd1 31. Rxd1 Rb8 32. Rb1 Kg6 33. b5 axb5 34. axb5 Ra8 35. Bb4 f3 36. Rxf3 Rxf3 37. gxf3 Be3+ 38. Kg2 Bb6 39. Bc3 Ra3 40. Be1 Ra2+ 41. Kh3 Kg5 42. Rb3 Kh5 43. Bg3 Kg5 44. Rd3 Rb2 45. f4+ exf4 46. Rd5+ Kf6 47. Bxf4 Ke6 48. Bd2 Ra2 49. Kg4 Ra4 50. Kf4 Ra2 51. Be3 Bxe3+ 52. Kxe3 Ra3+ 53. Kf4 Rb3 54. Rh5 Ke7 55. Rh7+ Kd8 56. Kf5 Rxb5+ 57. Kf6 Re5 58. Rh8+ Re8 59. Rxe8+ Kxe8 60. Ke6 Kd8 61. Kf7 1-0

[Event "CRO-chT1A 20th"]
[Site "Sibenik"]
[Date "2011.10.12"]
[Round "9.5"]
[White "Markus, Robert"]
[Black "Ramesa, Marin"]
[Result "1-0"]
[WhiteElo "2635"]
[BlackElo "2221"]
[PlyCount "149"]
[EventDate "2011.10.04"]
[EventType "team-tourn"]
[EventRounds "9"]
[EventCountry "CRO"]
[SourceTitle "CBM 144 Extra"]
[Source "ChessBase"]
[SourceDate "2011.10.28"]
[SourceVersion "1"]
[SourceVersionDate "2011.10.28"]
[SourceQuality "1"]
[WhiteTeam "Rijeka Liburnija"]
[BlackTeam "Rijeka Junior"]
[WhiteTeamCountry "CRO"]
[BlackTeamCountry "CRO"]

1. d4 Nf6 2. c4 e6 3. Nf3 b6 4. g3 Ba6 5. b3 Bb4+ 6. Bd2 Be7 7. Bg2 c6 8. 0-0 d5 9. Qc2 Nbd7 10. a4 0-0 11. Rd1 Rc8 12. a5 b5 13. c5 Ne4 14. Be1 f5 15. Nc3 Bf6 16. Na2 Bb7 17. a6 Bxa6 18. Nb4 Bb7 19. Rxa7 Rb8 20. Nd3 Qc8 21. Nfe5 Bxe5 22. dxe5 Ng5 23. h3 Ra8 24. Rxa8 Qxa8 25. Kh2 Qb8 26. Qc1 Nf7 27. f4 Qc7 28. Bf2 Ra8 29. Bf3 Nf8 30. Nb4 Bc8 31. Nc2 Bd7 32. Rg1 Ra2 33. Nd4 Qa5 34. Qb1 Qd2 35. Rd1 Qa5 36. Kg1 Qa3 37. e3 Rb2 38. Qa1 Ra2 39. Qc3 Qa5 40. Qxa5 Rxa5 41. g4 Ra2 42. Be2 g6 43. Bd3 Nd8 44. Bb1 Ra1 45. Kg2 Nb7 46. b4 Ra4 47. Be1 Kf7 48. Kf3 Kg7 49. Bc2 Ra2 50. Ke2 Nd8 51. Bh4 Nf7 52. Bf6+ Kg8 53. Kd2 fxg4 54. hxg4 Nh6 55. Rg1 Kf7 56. Kc3 Ra3+ 57. Bb3 Ng8 58. Bh4 Nh6 59. Kb2 Ra6 60. Bc2 Ra8 61. Bd3 Ke8 62. e4 Nf7 63. exd5 exd5 64. f5 Ra4 65. Kb3 g5 66. Bg3 Nd8 67. Rh1 Nb7 68. Bf2 Nd8 69. Be3 h6 70. e6 Ndxe6 71. fxe6 Nxe6 72. Rxh6 Nxd4+ 73. Bxd4 Bxg4 74. Rxc6 Bd1+ 75. Kc3 1-0

[Event "CRO-chT1B 17th"]
[Site "Sibenik"]
[Date "2008.10.05"]
[Round "9"]
[White "Ramesa, Marin"]
[Black "Plenkovic, Zdenko"]
[Result "1/2-1/2"]
[WhiteElo "2200"]
[BlackElo "2346"]
[PlyCount "114"]
[EventDate "2008.09.27"]
[EventType "team"]
[EventRounds "9"]
[EventCountry "CRO"]
[SourceTitle "CBM 126 Extra"]
[Source "ChessBase"]
[SourceDate "2008.11.05"]
[SourceVersion "1"]
[SourceVersionDate "2008.11.05"]
[SourceQuality "1"]

1. d4 g6 2. Nf3 Bg7 3. c4 d6 4. Nc3 Nd7 5. e4 e5 6. Be2 Ngf6 7. 0-0 0-0 8. Re1 Re8 9. Bf1 exd4 10. Nxd4 c6 11. Bf4 Ne5 12. Qd2 Nh5 13. Bg5 Qa5 14. Nb3 Qb4 15. Nd1 Qxd2 16. Bxd2 f5 17. f4 Nf7 18. Bd3 fxe4 19. Rxe4 Rxe4 20. Bxe4 Bg4 21. Ne3 Bd7 22. g3 Re8 23. Bf3 Nf6 24. Re1 Ne4 25. Bc1 Nf6 26. Nc2 Rxe1+ 27. Nxe1 Be6 28. Na5 Nd8 29. Be3 Nd7 30. Nd3 Bf5 31. Nf2 Bxb2 32. g4 Bb1 33. Ne4 Ba3 34. Nc3 Bd3 35. Be4 Bxe4 36. Nxe4 b6 37. Nb3 Nb7 38. Kf2 c5 39. Kf3 Bb2 40. Bf2 Nf6 41. Bg3 Kf7 42. Nxf6 Bxf6 43. Ke4 Ke6 44. f5+ gxf5+ 45. gxf5+ Kd7 46. Kd5 Be7 47. Nd2 Nd8 48. Ne4 Nc6 49. a3 Nd4 50. f6 Nf5 51. Bf4 Bd8 52. a4 a6 53. h3 h6 54. Bc1 Bc7 55. Bf4 Bd8 56. Bc1 Bc7 57. Bf4 Bd8 1/2-1/2

[Event "Pardubice op-A"]
[Site "Pardubice"]
[Date "2005.07.25"]
[Round "4"]
[White "Lerch, Patrice"]
[Black "Ramesa, Marin"]
[Result "1-0"]
[WhiteElo "2291"]
[BlackElo "2213"]
[PlyCount "67"]
[EventDate "2005.07.22"]
[EventType "swiss"]
[EventRounds "9"]
[EventCountry "CZE"]
[SourceTitle "CBM 107 Extra"]
[Source "ChessBase"]
[SourceDate "2005.09.01"]
[SourceVersion "1"]
[SourceVersionDate "2005.09.01"]
[SourceQuality "1"]

1. e4 c5 2. Nc3 Nc6 3. g3 g6 4. Bg2 Bg7 5. d3 d6 6. Be3 Nd4 7. Qd2 Qa5 8. f4 e6 9. Nh3 Ne7 10. 0-0 0-0 11. Rae1 Nec6 12. Qc1 Rb8 13. f5 exf5 14. Bh6 Be6 15. Bxg7 Kxg7 16. Nf4 Qd8 17. Ncd5 Ne5 18. c3 Ndc6 19. exf5 Bxd5 20. Bxd5 Kh8 21. fxg6 fxg6 22. Ne6 Rxf1+ 23. Rxf1 Qe7 24. Qh6 Ng4 25. Qf4 Nge5 26. d4 cxd4 27. cxd4 Nb4 28. Bb3 Nd7 29. Ng5 d5 30. a3 Rf8 31. Nf7+ Kg7 32. Qh6+ Kg8 33. axb4 Qxb4 34. Qe3 1-0

[Event "Umag op"]
[Site "Umag"]
[Date "2005.03.24"]
[Round "6"]
[White "Richter, Boris"]
[Black "Ramesa, Marin"]
[Result "1/2-1/2"]
[WhiteElo "2167"]
[BlackElo "2202"]
[PlyCount "29"]
[EventDate "2005.03.22"]
[EventType "swiss"]
[EventRounds "9"]
[EventCountry "CRO"]
[SourceTitle "CBM 105 Extra"]
[Source "ChessBase"]
[SourceDate "2005.05.01"]
[SourceVersion "1"]
[SourceVersionDate "2005.05.01"]
[SourceQuality "1"]

1. d4 Nf6 2. Nf3 e6 3. g3 b6 4. Bg2 Bb7 5. 0-0 Be7 6. c4 0-0 7. Nc3 Ne4 8. Qc2 Nxc3 9. Qxc3 f5 10. b3 Bf6 11. Bb2 d6 12. Rad1 Qe7 13. Ne1 Bxg2 14. Nxg2 Nd7 15. Rfe1 1/2-1/2

[Event "Umag op"]
[Site "Umag"]
[Date "2005.03.23"]
[Round "3"]
[White "Ikica, Ante"]
[Black "Ramesa, Marin"]
[Result "0-1"]
[WhiteElo "2081"]
[BlackElo "2202"]
[PlyCount "64"]
[EventDate "2005.03.22"]
[EventType "swiss"]
[EventRounds "9"]
[EventCountry "CRO"]
[SourceTitle "CBM 105 Extra"]
[Source "ChessBase"]
[SourceDate "2005.05.01"]
[SourceVersion "1"]
[SourceVersionDate "2005.05.01"]
[SourceQuality "1"]

1. d4 Nf6 2. Nf3 e6 3. g3 b6 4. Bg2 Bb7 5. 0-0 Be7 6. c4 0-0 7. Nc3 Ne4 8. Qc2 Nxc3 9. bxc3 Nc6 10. Nd2 Na5 11. e4 c5 12. d5 Ba6 13. Qd3 exd5 14. exd5 d6 15. Re1 Qd7 16. Bf1 Rae8 17. Bb2 Qa4 18. f4 Bd8 19. Kf2 Rxe1 20. Kxe1 Re8+ 21. Kf2 g6 22. Be2 f5 23. Bd1 Qd7 24. Bb3 Bf6 25. Re1 b5 26. Rxe8+ Qxe8 27. Qe2 Qxe2+ 28. Kxe2 bxc4 29. Ba4 Bb7 30. Bc6 Nxc6 31. dxc6 Bxc6 32. Nxc4 Bb5 0-1

[Event "CRO-chT2 West"]
[Site "Rijeka"]
[Date "2005.03.20"]
[Round "2"]
[White "Karabaic, Ivan"]
[Black "Ramesa, Marin"]
[Result "1/2-1/2"]
[WhiteElo "2079"]
[BlackElo "2202"]
[PlyCount "78"]
[EventDate "2005.03.19"]
[EventType "team"]
[EventRounds "11"]
[EventCountry "CRO"]
[SourceTitle "EXT 2007"]
[Source "ChessBase"]
[SourceDate "2006.11.23"]
[SourceVersion "1"]
[SourceVersionDate "2006.11.23"]
[SourceQuality "1"]

1. e4 c5 2. Nc3 Nc6 3. g3 g6 4. Bg2 Bg7 5. d3 d6 6. Be3 Nd4 7. Qd2 Qa5 8. Nf3 Bh3 9. Nxd4 Bxg2 10. Nb3 Qc7 11. Rg1 Bf3 12. Nd5 Qd7 13. Qa5 Rd8 14. Nd2 b6 15. Qb5 Qxb5 16. Nc7+ Kd7 17. Nxb5 a6 18. Nxd6 exd6 19. Nxf3 Bxb2 20. Rb1 Bc3+ 21. Bd2 Bxd2+ 22. Kxd2 Kc6 23. Rbe1 f6 24. Nh4 Ne7 25. f4 Rhe8 26. Re2 Nc8 27. Rge1 Re7 28. Ng2 b5 29. Ne3 Rf7 30. h4 Nb6 31. Rh1 d5 32. exd5+ Nxd5 33. Nxd5 Rxd5 34. Rhe1 Rfd7 35. Re6+ R5d6 36. Kc3 f5 37. Re8 Kb6 38. R1e5 Rc6 39. R8e6 Rdc7 1/2-1/2

[Event "Zadar op"]
[Site "Zadar"]
[Date "2004.12.18"]
[Round "8"]
[White "Brkic, Ivica"]
[Black "Ramesa, Marin"]
[Result "0-1"]
[WhiteElo "2087"]
[BlackElo "2230"]
[PlyCount "100"]
[EventDate "2004.12.13"]
[EventType "swiss"]
[EventRounds "9"]
[EventCountry "CRO"]
[SourceTitle "CBM 103 Extra"]
[Source "ChessBase"]
[SourceDate "2005.01.01"]
[SourceVersion "1"]
[SourceVersionDate "2005.01.01"]
[SourceQuality "1"]

1. e4 c5 2. Nf3 Nc6 3. d4 cxd4 4. Nxd4 e6 5. c4 Nf6 6. Nxc6 bxc6 7. Bd3 d5 8. cxd5 cxd5 9. exd5 Qxd5 10. Be2 Bb4+ 11. Bd2 Bxd2+ 12. Nxd2 Bb7 13. Bf3 Qe5+ 14. Qe2 Qxe2+ 15. Bxe2 Rd8 16. Nc4 Bxg2 17. Rg1 Be4 18. f3 Bg6 19. Ne5 0-0 20. Kf2 Rd2 21. Nc4 Rc2 22. Rgc1 Rc8 23. Rxc2 Bxc2 24. Rc1 Bg6 25. b4 Nd5 26. a3 Kf8 27. Bf1 Ke7 28. b5 Nb6 29. Ke3 e5 30. Kd2 Nxc4+ 31. Bxc4 e4 32. f4 f5 33. a4 Bf7 34. Bxf7 e3+ 35. Kxe3 Rxc1 36. Bg8 h6 37. Kd4 Ra1 38. Bb3 Kd6 39. Kc4 Rf1 40. Kb4 Rxf4+ 41. Bc4 g5 42. a5 Kc7 43. Kc5 Rxc4+ 44. Kxc4 f4 45. Kd4 g4 46. Ke4 f3 47. Ke3 Kd6 48. h3 h5 49. Kf2 Kc5 50. hxg4 hxg4 0-1

[Event "Zadar op"]
[Site "Zadar"]
[Date "2004.12.15"]
[Round "4"]
[White "Ramesa, Marin"]
[Black "Ljubicic, Filip"]
[Result "0-1"]
[WhiteElo "2230"]
[BlackElo "2395"]
[PlyCount "84"]
[EventDate "2004.12.13"]
[EventType "swiss"]
[EventRounds "9"]
[EventCountry "CRO"]
[SourceTitle "CBM 103 Extra"]
[Source "ChessBase"]
[SourceDate "2005.01.01"]
[SourceVersion "1"]
[SourceVersionDate "2005.01.01"]
[SourceQuality "1"]

1. d4 Nf6 2. Nf3 g6 3. c4 Bg7 4. Nc3 d6 5. e4 0-0 6. Be2 Bg4 7. 0-0 Nfd7 8. Be3 c5 9. d5 Na6 10. Ne1 Bxe2 11. Qxe2 Nc7 12. Nd3 Nb6 13. Ne1 e6 14. Nf3 Qe7 15. Qd3 e5 16. Nd2 Nd7 17. Rae1 a6 18. a4 Rab8 19. g3 Nf6 20. f3 Qd7 21. Kg2 Nh5 22. Qe2 b6 23. Ra1 Kh8 24. Rfb1 a5 25. Nb5 Na6 26. Rh1 Nb4 27. Rac1 f5 28. Rc3 Rbe8 29. Nf1 Rf7 30. Bd2 Ref8 31. Be3 fxe4 32. fxe4 Nf4+ 33. Bxf4 exf4 34. Rf3 Be5 35. gxf4 Bxf4 36. Ng3 Qe7 37. Rhf1 Kg8 38. Kh1 Qe5 39. Nf5 Rxf5 40. Nc7 Bh6 41. exf5 Qxe2 42. f6 Qe4 0-1

[Event "Kostrena IM"]
[Site "Kostrena"]
[Date "2004.09.01"]
[Round "7"]
[White "Bratovic, Blaz"]
[Black "Ramesa, Marin"]
[Result "1/2-1/2"]
[WhiteElo "2332"]
[BlackElo "2207"]
[PlyCount "173"]
[EventDate "2004.08.26"]
[EventType "tourn"]
[EventRounds "9"]
[EventCountry "CRO"]
[EventCategory "2"]
[SourceTitle "CBM 102 Extra"]
[Source "ChessBase"]
[SourceDate "2004.11.03"]
[SourceVersion "1"]
[SourceVersionDate "2004.11.03"]
[SourceQuality "1"]

1. e4 c5 2. Nf3 Nc6 3. d4 cxd4 4. Nxd4 Qc7 5. Nc3 e6 6. Be2 a6 7. 0-0 Nf6 8. Kh1 Be7 9. f4 d6 10. Be3 0-0 11. a4 Re8 12. Bf3 Bd7 13. Nb3 b6 14. g4 Bc8 15. g5 Nd7 16. Bg2 Bb7 17. Qh5 Nb4 18. Rf2 g6 19. Qh3 Bf8 20. Raf1 Re7 21. Bd4 Qc4 22. Nd1 Qc7 23. Ne3 b5 24. axb5 axb5 25. Ng4 Nc6 26. Bf6 h5 27. Nh6+ Bxh6 28. Bxe7 Bg7 29. Bf6 Bxf6 30. gxf6 Nxf6 31. f5 Ng4 32. fxg6 Nxf2+ 33. Rxf2 fxg6 34. Qxe6+ Kg7 35. Qf6+ Kh6 36. Qf4+ Kg7 37. Nc5 Qe7 38. Nxb7 Qxb7 39. Qxd6 Qb6 40. Qf6+ Kh6 41. Qf4+ Kg7 42. Qf7+ Kh6 43. Rf6 Ne5 44. Rxb6 Nxf7 45. h3 Ra1+ 46. Kh2 Rc1 47. c3 Rc2 48. Rxb5 h4 49. Rd5 Ng5 50. Kg1 Rxb2 51. e5 Rb1+ 52. Kf2 Rb2+ 53. Kf1 Rc2 54. Rd3 Ne6 55. Rf3 Rc1+ 56. Kf2 Rc2+ 57. Kg1 Kg5 58. Bf1 Rc1 59. Kf2 Rc2+ 60. Ke1 Rb2 61. Bc4 Nf4 62. e6 Rb7 63. Kf2 Rc7 64. Bb3 Rb7 65. Ba2 Ra7 66. Ke3 Ng2+ 67. Kd4 Rxa2 68. e7 Rd2+ 69. Kc5 Re2 70. Rf2 Rxe7 71. Rxg2+ Kf5 72. Rf2+ Kg5 73. Rf3 Re1 74. c4 Rg1 75. Kd4 Rd1+ 76. Ke4 Rc1 77. Kd4 Rd1+ 78. Rd3 Rxd3+ 79. Kxd3 Kf4 80. Kd4 g5 81. Kd3 g4 82. Ke2 g3 83. Kf1 Ke4 84. Kg2 Kd4 85. Kg1 Kxc4 86. Kg2 Kd3 87. Kg1 1/2-1/2

[Event "Kostrena IM"]
[Site "Kostrena"]
[Date "2004.08.29"]
[Round "4"]
[White "Ramesa, Marin"]
[Black "Doric, Darko"]
[Result "1/2-1/2"]
[WhiteElo "2207"]
[BlackElo "2300"]
[PlyCount "98"]
[EventDate "2004.08.26"]
[EventType "tourn"]
[EventRounds "9"]
[EventCountry "CRO"]
[EventCategory "2"]
[SourceTitle "CBM 102 Extra"]
[Source "ChessBase"]
[SourceDate "2004.11.03"]
[SourceVersion "1"]
[SourceVersionDate "2004.11.03"]
[SourceQuality "1"]

1. Nf3 Nf6 2. d4 c5 3. e3 g6 4. Be2 Bg7 5. 0-0 b6 6. a4 Bb7 7. a5 d6 8. Bb5+ Nfd7 9. a6 Bc6 10. Nc3 Bxb5 11. Nxb5 Qc8 12. Qe2 0-0 13. Bd2 Nf6 14. e4 cxd4 15. Nfxd4 Nfd7 16. Ra3 Nxa6 17. Rfa1 Ndb8 18. c3 Qb7 19. f3 Bf6 20. b4 Rd8 21. Qc4 e6 22. Qa2 e5 23. Ne2 Qd7 24. c4 Nc7 25. Nxa7 Nc6 26. Qb3 Kg7 27. Be3 Nd4 28. Qd3 Nce6 29. Nb5 Rxa3 30. Rxa3 Nxb5 31. cxb5 d5 32. Qxd5 Qxd5 33. exd5 Rxd5 34. Bxb6 Rxb5 35. Ba5 Be7 36. Rb3 Bc5+ 37. Kf1 Bd4 38. Rd3 f5 39. Ke1 Nc5 40. bxc5 Rxa5 41. Nxd4 exd4 42. Rxd4 Rxc5 43. Kd2 Re5 44. g3 Ra5 45. Ke3 Kf6 46. h4 h6 47. Rd6+ Kg7 48. Kf4 Ra3 49. Rb6 Rc3 1/2-1/2

[Event "CRO Cup"]
[Site "Rabac"]
[Date "2004.06.27"]
[Round "9"]
[White "Ramesa, Marin"]
[Black "Tkachiev, Vladislav"]
[Result "1/2-1/2"]
[WhiteElo "2204"]
[BlackElo "2635"]
[PlyCount "95"]
[EventDate "2004.05.20"]
[EventType "swiss"]
[EventRounds "9"]
[EventCountry "CRO"]
[SourceTitle "CBM 100 Extra"]
[Source "ChessBase"]
[SourceDate "2004.07.06"]
[SourceVersion "2"]
[SourceVersionDate "2004.07.06"]
[SourceQuality "1"]

1. d4 d6 2. Nf3 g6 3. c4 Bg7 4. Nc3 Bg4 5. e3 Nf6 6. Be2 0-0 7. 0-0 Re8 8. h3 Bf5 9. b3 Na6 10. Bb2 c6 11. Bd3 Bxd3 12. Qxd3 e5 13. dxe5 dxe5 14. Qxd8 Raxd8 15. Rad1 e4 16. Nd4 Nb4 17. Nde2 Nd7 18. Ba3 a5 19. Rd2 Nc5 20. Rfd1 Rxd2 21. Rxd2 f5 22. Nd1 Ncd3 23. Kf1 Be5 24. Nc1 Nc5 25. Bb2 Bxb2 26. Nxb2 Kf7 27. a3 Nba6 28. Ke2 g5 29. Nd1 Ke7 30. Nc3 h5 31. f3 exf3+ 32. Kxf3 Rg8 33. Rd1 h4 34. g4 hxg3 35. Kxg3 Nc7 36. b4 axb4 37. axb4 N5e6 38. N1e2 Ra8 39. Kf3 Ra3 40. Rd3 Ra8 41. Ng3 Kf6 42. b5 Ke5 43. Rd7 Rd8 44. Rh7 Rd2 45. Nge2 cxb5 46. cxb5 Rb2 47. Nd4 g4+ 48. Kg3 1/2-1/2

[Event "CRO Cup"]
[Site "Rabac"]
[Date "2004.05.25"]
[Round "8.1"]
[White "Pavasovic, Dusko"]
[Black "Ramesa, Marin"]
[Result "1-0"]
[WhiteElo "2591"]
[BlackElo "2204"]
[PlyCount "133"]
[EventDate "2004.05.20"]
[EventType "swiss"]
[EventRounds "9"]
[EventCountry "CRO"]
[SourceTitle "CBM 100 Extra"]
[Source "ChessBase"]
[SourceDate "2004.07.06"]
[SourceVersion "2"]
[SourceVersionDate "2004.07.06"]
[SourceQuality "1"]

1. e4 c5 2. c3 Nf6 3. e5 Nd5 4. Nf3 Nc6 5. Bc4 Nb6 6. Bb3 c4 7. Bc2 d6 8. exd6 Qxd6 9. 0-0 Bg4 10. Re1 e6 11. h3 Bh5 12. b3 Be7 13. Na3 cxb3 14. axb3 0-0 15. d4 a6 16. Nc4 Nxc4 17. bxc4 Bg6 18. Bxg6 hxg6 19. d5 Nd8 20. Ba3 Qxa3 21. Rxa3 Bxa3 22. Qd4 Be7 23. Ne5 Bf6 24. f4 b5 25. cxb5 axb5 26. Qc5 Bxe5 27. fxe5 exd5 28. Qxb5 Ne6 29. Qxd5 Rfd8 30. Qf3 Ra3 31. Rf1 Rd7 32. Qc6 Raa7 33. Rb1 Rd8 34. Rb7 Raa8 35. Rd7 Rdc8 36. Qf3 Rf8 37. Rd6 Ra5 38. Rd5 Ra1+ 39. Kh2 Ra4 40. Rb5 Rc4 41. Ra5 Rfc8 42. Ra7 Rf4 43. Ra8 Rfc4 44. Rxc8+ Rxc8 45. Kg1 Kf8 46. Kf2 Ke7 47. Qb7+ Rc7 48. Qb4+ Rc5 49. Ke3 Kd7 50. Qb7+ Nc7 51. Kd4 Rb5 52. Qa7 Rd5+ 53. Ke4 Rd2 54. Qa4+ Kd8 55. Qb3 Ke7 56. Qb4+ Kd7 57. Qf8 Re2+ 58. Kd3 Rxe5 59. Qxf7+ Re7 60. Qxg6 Ne6 61. Qg4 Kd6 62. h4 Nc5+ 63. Kc2 Ra7 64. c4 Ra2+ 65. Kb1 Ra7 66. Qd4+ Kc6 67. Qd5+ 1-0

[Event "CRO Cup"]
[Site "Rabac"]
[Date "2004.05.21"]
[Round "1.5"]
[White "Zelcic, Robert"]
[Black "Ramesa, Marin"]
[Result "1-0"]
[WhiteElo "2509"]
[BlackElo "2204"]
[PlyCount "69"]
[EventDate "2004.05.20"]
[EventType "swiss"]
[EventRounds "9"]
[EventCountry "CRO"]
[SourceTitle "CBM 100 Extra"]
[Source "ChessBase"]
[SourceDate "2004.07.06"]
[SourceVersion "2"]
[SourceVersionDate "2004.07.06"]
[SourceQuality "1"]

1. e4 c5 2. Nf3 Nc6 3. d4 cxd4 4. Nxd4 Qc7 5. Nc3 e6 6. Be2 a6 7. 0-0 Nf6 8. Kh1 Be7 9. f4 d6 10. Be3 0-0 11. a4 Re8 12. Bg1 Bf8 13. Qd3 Kh8 14. Qg3 Nxd4 15. Bxd4 e5 16. Be3 exf4 17. Rxf4 d5 18. Qf2 dxe4 19. Bd4 e3 20. Qf3 Qc6 21. Qg3 Bd6 22. Rxf6 Bxg3 23. Rxc6 bxc6 24. hxg3 Rb8 25. b3 Bf5 26. Rf1 Bg6 27. Bxa6 Rbd8 28. Ne2 Bh5 29. Bc3 f6 30. Bc4 Bg6 31. Rxf6 Rd2 32. Rxc6 Rxc2 33. Rc7 Rxc3 34. Nxc3 Bh5 35. a5 1-0

[Event "Rabac op"]
[Site "Rabac"]
[Date "2003.11.15"]
[Round "1.6"]
[White "Jurkovic, Hrvoje"]
[Black "Ramesa, Marin"]
[Result "1/2-1/2"]
[WhiteElo "2422"]
[BlackElo "2165"]
[PlyCount "76"]
[EventDate "2003.11.15"]
[EventType "swiss"]
[EventRounds "9"]
[EventCountry "CRO"]
[SourceTitle "CBM 097 Extra"]
[Source "ChessBase"]
[SourceDate "2004.01.13"]
[SourceVersion "1"]
[SourceVersionDate "2004.01.13"]
[SourceQuality "1"]

1. e4 c5 2. Nc3 Nc6 3. g3 g6 4. Bg2 Bg7 5. d3 d6 6. Be3 e6 7. Qd2 Qa5 8. Nf3 Nd4 9. 0-0 Ne7 10. a3 Nec6 11. Bh6 0-0 12. Bxg7 Kxg7 13. b4 cxb4 14. Nxd4 bxc3 15. Nxc6 bxc6 16. Qe3 e5 17. d4 Rb8 18. f4 Rb2 19. Rf2 Qb6 20. Rd1 exd4 21. Qxd4+ Qxd4 22. Rxd4 d5 23. exd5 cxd5 24. Rxd5 Ra2 25. Rc5 Rxa3 26. Rf3 Bf5 27. Rfxc3 Rxc3 28. Rxc3 Rc8 29. Rxc8 Bxc8 30. Kf2 Kf6 31. Ke3 Ke7 32. Kd4 Kd6 33. c4 f6 34. c5+ Kc7 35. Kc4 Bb7 36. Bh3 Bc8 37. Bg2 Bb7 38. Bh3 Bc8 1/2-1/2